| 000 | 00747cam a22002411 4500 | ||
|---|---|---|---|
| 001 | sa 65004510 | ||
| 003 | DLC | ||
| 005 | 20260227112131.0 | ||
| 008 | 861202s1962 ii 000 0 eng | ||
| 010 | _asa 65004510 | ||
| 025 | _aPL480:I-E-1736 | ||
| 035 | _a(OCoLC)14913047 | ||
| 040 |
_aDLC _cWaU _dDLC |
||
| 042 | _apremarc | ||
| 050 | 0 | 0 |
_aHN683.5 _b.M34 |
| 100 | 1 | _aMandal, G. C. | |
| 245 | 1 | 0 |
_aKashipur, West Bengal, 1956-60; _ba report on re-survey of a village _c[by] G.C. Mandal and Sunil C. Sengupta. |
| 260 |
_aSantiniketan, _c1962. |
||
| 300 |
_avii, 104 p. _c25 cm. |
||
| 500 | _aAt head of title: Studies in rural change. | ||
| 651 | 0 |
_aIndia _xRural conditions _vCase studies. |
|
| 700 | 1 |
_aSengupta, Sunil C., _ejoint author. |
|
| 999 |
_c63797 _d63797 |
||